Tribhuvan University Central Library

राजतन्त्र कि लोकतन्त्र?; (Record no. 110404)

MARC details
000 -LEADER
fixed length control field 00618nam a22001457a 4500
008 - FIXED-LENGTH DATA ELEMENTS--GENERAL INFORMATION
fixed length control field 230905b |||||||| |||| 00| 0 eng d
020 ## - INTERNATIONAL STANDARD BOOK NUMBER
International Standard Book Number 9789994654062
082 ## - DEWEY DECIMAL CLASSIFICATION NUMBER
Classification number N321.8/B652r
100 ## - MAIN ENTRY--PERSONAL NAME
Personal name बराल, लोकराज
245 ## - TITLE STATEMENT
Title राजतन्त्र कि लोकतन्त्र?;
Remainder of title (समीक्षात्मक लेखको संगालो)
260 ## - PUBLICATION, DISTRIBUTION, ETC.
Place of publication, distribution, etc. काठमाडौँः
Name of publisher, distributor, etc. भृकुटी एकेडेमिक पब्लिकेशन्स,
Date of publication, distribution, etc. २०६२वि.
300 ## - PHYSICAL DESCRIPTION
Other physical details २१६पृ.
650 ## - SUBJECT ADDED ENTRY--TOPICAL TERM
Topical term or geographic name entry element लोकतन्त्र
942 ## - ADDED ENTRY ELEMENTS (KOHA)
Source of classification or shelving scheme Dewey Decimal Classification
Koha item type General Collections
Holdings
Withdrawn status Lost status Source of classification or shelving scheme Damaged status Not for loan Home library Current library Shelving location Date acquired Total Checkouts Full call number Barcode Date last seen Price effective from Koha item type
    Dewey Decimal Classification     Tribhuvan University Central Library Tribhuvan University Central Library New Building 09/05/2023   N321.8/B652r G90948 09/05/2023 09/05/2023 General Collections
    Dewey Decimal Classification     Tribhuvan University Central Library Tribhuvan University Central Library New Building 09/05/2023   N321.8/B652r G90949 09/05/2023 09/05/2023 General Collections